000 01485cam a2200385 a 4500
003 CHAP
005 20220329142921.0
008 050221s1999 mx a r 10000 spa d
010 _a89630
011 _a90602
035 _a101158
040 _cCHAP
082 0 4 _a719.36
_bT3 1999
111 0 0 _aTaller Internacional sobre Conservación y Manejo de Fauna Silvestre en el Noreste de México y Sur de Texas (
_n4 :
_d1999 :
_cSaltillo, Coah.)
_9111459
245 1 0 _aMemorias
_c/por Universidad Autónoma Agraria "Antonio Narro"
260 _aSaltillo, Coah. :
_bUniversidad Autónoma Agraria "Antonio Narro",
_c1999.
300 _a300 p. :
_bilus.
500 _aEd. en español e inglés
590 _aBATCH-UPD
_b10
_c20130110
_lUCH01
_h0505
590 _aBATCH-UPD
_b10
_c20130410
_lUCH01
_h0142
590 _aBATCH-UPD
_b10
_c20130410
_lUCH01
_h1604
590 _aBATCH-UPD
_b10
_c20130914
_lUCH01
_h1244
590 _aCONVERSION
_b10
_c20130109
_lUCH01
_h1350
650 0 4 _aEducación ambiental.
_935556
650 0 4 _aRecursos naturales
_xAdministración.
_995175
650 0 4 _aVida silvestre
_xCongresos.
_9119165
650 0 4 _aVida silvestre
_xConservación
_zMéxico.
_9119173
650 0 4 _aVida silvestre
_xConservación
_zTexas.
_9119175
650 0 4 _aVida silvestre
_zMéxico.
_9119208
650 0 4 _aVida silvestre
_zTexas.
_9119210
901 _aBK
905 _aAlejandra Carrasco M.
942 _cLIBRO
949 _a719.36 T3 1999
_bBC
_cCONG
_d33724000795654
_eCONG
_h104951
_i101158
_sb
999 _c89630
_d89630